Films avec Marion Game par image - Statistiques

Statistiques générales
  • Ce quiz a été pris 6 fois
  • Le résultat moyen est 6 sur 16
Statistiques - réponses
Par images Réponse % Correct
Le Facteur de Saint-Tropez
67%
La Tortue sur le dos
50%
Le Cri du cormoran le soir au-dessus des jonques
50%
Les Bidasses en folie
50%
Parking
50%
C'est pas parce qu'on a rien à dire qu'il faut fermer sa gueule...
33%
L'Acrobate
33%
La Dernière Bourrée à Paris
33%
L'Albatros
33%
Mon curé chez les Thaïlandaises
33%
Voulez-vous un bébé Nobel ?
33%
La Liberté en croupe
17%
Les Poneyttes
17%
Oublie-moi, Mandoline
17%
Vous ne l'emporterez pas au paradis
17%
Y'a un os dans la moulinette
17%
Aucun quiz correspondant
Distribution des résultats
% des personnes avec chaque résultat
Percentile par nombre de réponses
Votre historique - résultats
Vous n’avez pas pris ce quiz